[Event "13th Parsvnath Open"]
[Site "New Delhi IND"]
[Date "2015.01.10"]
[Round "3.36"]
[White "Nguyen, Duc Hoa"]
[Black "Saranya, J"]
[Result "1-0"]
[WhiteTitle "GM"]
[BlackTitle "WFM"]
[WhiteElo "2518"]
[BlackElo "2111"]
[WhiteFideId "12401358"]
[BlackFideId "5031931"]
[EventDate "2015.01.09"]

1. e4 c5 2. Nf3 d6 3. d4 cxd4 4. Nxd4 Nf6 5. Nc3 a6 6. Bg5 e6 7. f4 Nbd7 8. Qf3
Qb6 9. O-O-O Be7 10. Bc4 O-O 11. Rhe1 Qc7 12. Bxe6 fxe6 13. Nxe6 Qa5 14. Nxf8
Bxf8 15. Kb1 1-0

[Event "13th Parsvnath Open"]
[Site "New Delhi IND"]
[Date "2015.01.10"]
[Round "3.37"]
[White "Vaishali, R"]
[Black "Rahman, Ziaur"]
[Result "0-1"]
[WhiteTitle "WFM"]
[BlackTitle "GM"]
[WhiteElo "2100"]
[BlackElo "2507"]
[WhiteFideId "5091756"]
[BlackFideId "10200037"]
[EventDate "2015.01.09"]

1. e4 c6 2. d4 d5 3. Nc3 dxe4 4. Nxe4 Bf5 5. Ng3 Bg6 6. Nf3 Nf6 7. Bd3 e6 8. O-O
Nbd7 9. Re1 Be7 10. b3 O-O 11. Bb2 a5 12. Bxg6 hxg6 13. a4 Re8 14. Ne4 Bb4 15.
c3 Nxe4 16. Rxe4 Be7 17. Qc2 Nf6 18. Re2 Nd5 19. Ne5 Bf6 20. Rd1 Qc7 21. c4 Nb4
22. Qe4 Rad8 23. Red2 Bg5 24. f4 Bf6 25. Qe3 b5 26. Bc3 bxa4 27. bxa4 Rb8 28. h3
Na6 29. d5 cxd5 30. cxd5 exd5 31. Rxd5 Rb3 32. R1d3 Nb4 33. Bxb4 Rxb4 34. R3d4
g5 35. Rxb4 axb4 36. g3 gxf4 37. gxf4 Qc2 38. Rd2 Qc1+ 39. Kh2 b3 40. Qf2 Rc8
41. Nd3 Qa1 42. Qb6 Bd4 0-1

[Event "13th Parsvnath Open"]
[Site "New Delhi IND"]
[Date "2015.01.10"]
[Round "3.38"]
[White "Thejkumar, M. S."]
[Black "Srinath, Rao S.V."]
[Result "1-0"]
[WhiteTitle "IM"]
[WhiteElo "2459"]
[BlackElo "2095"]
[WhiteFideId "5009154"]
[BlackFideId "5028876"]
[EventDate "2015.01.09"]

1. d4 d5 2. c4 dxc4 3. e3 e5 4. Bxc4 exd4 5. Nf3 Bd6 6. exd4 Nf6 7. O-O O-O 8.
Nc3 Nc6 9. h3 h6 10. Qc2 Ne7 11. Ne5 c6 12. Bd2 Ned5 13. Rfe1 Be6 14. a3 Rc8 15.
Rad1 b5 16. Bf1 Nxc3 17. Bxc3 Nd5 18. Bd2 Qf6 19. Qe4 Rfd8 20. Bd3 Ne7 21. Ng4
Bxg4 22. Qxg4 Ng6 23. Re4 c5 24. Ba5 Bc7 25. Bxc7 Rxc7 26. Bxb5 Rb7 27. Qe2 cxd4
28. Bd3 Re7 29. Rxe7 Qxe7 30. Qxe7 Nxe7 31. Rc1 Nd5 32. g3 Kf8 33. Rc4 Nb6 34.
Rb4 Rd6 35. Kf1 Ke7 36. Ke2 Ke6 37. Be4 Nd7 38. Rb5 Ne5 39. b3 Rb6 40. Rxb6+
axb6 41. f4 Nd7 42. b4 f5 43. Bf3 g5 44. Kd3 Nf6 45. Kxd4 g4 46. hxg4 fxg4 47.
Be2 Kf5 48. a4 Nh5 49. a5 bxa5 50. bxa5 Nxg3 51. Bd3+ Kxf4 52. a6 1-0

[Event "13th Parsvnath Open"]
[Site "New Delhi IND"]
[Date "2015.01.10"]
[Round "3.39"]
[White "Rajesh, V A V"]
[Black "Praggnanandhaa, R"]
[Result "0-1"]
[WhiteTitle "IM"]
[BlackTitle "FM"]
[WhiteElo "2397"]
[BlackElo "2084"]
[WhiteFideId "5029317"]
[BlackFideId "25059530"]
[EventDate "2015.01.09"]

1. d4 d5 2. c4 e6 3. Nf3 Nf6 4. Nc3 Be7 5. Bf4 O-O 6. e3 a6 7. cxd5 exd5 8. Rc1
c6 9. Bd3 a5 10. h3 Na6 11. O-O Nc7 12. Ne5 Ne6 13. Bh2 c5 14. dxc5 Nxc5 15. Bb1
Be6 16. Nd3 Nce4 17. Be5 Nxc3 18. Bxc3 Ne4 19. Bd4 Bd6 20. Nc5 Bxc5 21. Bxc5 Re8
22. Bd4 Qh4 23. Bxe4 dxe4 24. Rc5 h6 25. Re5 a4 26. Qe2 Rec8 27. Ra1 Ra6 28. Rh5
Qe7 29. Re5 Qh4 30. Rh5 Qe7 31. Qb5 f5 32. Qe5 Qc7 33. Rxf5 Bxf5 34. Qxf5 Re8
35. a3 Qf7 36. Qb5 Rg6 37. Rf1 Rf8 38. Kh1 Rg5 39. Qxa4 Qg6 40. Qc4+ Kh7 41. g3
Qf5 42. Kh2 Qf3 43. h4 Rg4 44. Qc7 Rf7 45. Qe5 Rf5 46. Qc7 b5 47. Qe7 Rxg3 0-1

[Event "13th Parsvnath Open"]
[Site "New Delhi IND"]
[Date "2015.01.10"]
[Round "3.40"]
[White "Rathnakaran, K."]
[Black "Dahale, Atul"]
[Result "1-0"]
[WhiteTitle "IM"]
[WhiteElo "2387"]
[BlackElo "2078"]
[WhiteFideId "5005507"]
[BlackFideId "5037794"]
[EventDate "2015.01.09"]

1. e4 c5 2. Nf3 d6 3. c3 Nf6 4. h3 g6 5. Bd3 Bg7 6. Bc2 O-O 7. O-O Nc6 8. d4
cxd4 9. cxd4 Nb4 10. Bb3 Nxe4 11. Qe1 a5 12. a3 Nxf2 13. Qxf2 Nd3 14. Qe3 Nxc1
15. Rxc1 a4 16. Ba2 Qb6 17. Nc3 e5 18. Qf2 Bf5 19. Nd5 Qd8 20. Rc7 e4 21. Nh2
Re8 22. Qe3 Be6 23. Rc2 Ra5 24. Nf4 Bxa2 25. Rxa2 Qb6 26. Rd2 f5 27. Ra1 g5 28.
Nh5 f4 29. Qc3 e3 30. Rd3 Rb5 31. Qc4+ Kf8 32. Nxg7 Kxg7 33. Qxa4 Rxb2 34. Qd7+
Kf8 35. Qf5+ Ke7 36. Qxg5+ Kd7 37. Nf3 Rb1+ 38. Rd1 Rxa1 39. Rxa1 Qb2 40. Rf1
Qxa3 41. Qb5+ Kd8 42. Qxb7 e2 43. Rb1 Qe3+ 44. Kh2 Qf2 45. Qa8+ Ke7 46. Qe4+ 1-0

[Event "13th Parsvnath Open"]
[Site "New Delhi IND"]
[Date "2015.01.10"]
[Round "3.41"]
[White "Sudarshan, Malga"]
[Black "Lazarev, Vladimir"]
[Result "0-1"]
[BlackTitle "GM"]
[WhiteElo "2089"]
[BlackElo "2379"]
[WhiteFideId "5028736"]
[BlackFideId "4113250"]
[EventDate "2015.01.09"]

1. c4 c5 2. Nc3 g6 3. g3 Bg7 4. Bg2 Nc6 5. d3 a6 6. e4 b5 7. Nge2 Rb8 8. O-O d6
9. Rb1 e6 10. Be3 b4 11. Na4 Nd4 12. Bxd4 cxd4 13. b3 Ne7 14. Qd2 Bd7 15. Nb2
O-O 16. Rbc1 Qb6 17. c5 dxc5 18. Qg5 Qd8 19. Qxc5 Bb5 20. Nc4 Nc6 21. Rfd1 Re8
22. Nd6 Bf8 23. e5 Nxe5 24. Qxe5 Bxd6 25. Qxd4 Qe7 26. Qe3 Rec8 27. d4 Qd7 28.
Nf4 Rxc1 29. Rxc1 Rd8 30. Ne2 Bf8 31. Rd1 Bc5 32. Rd2 Bb6 33. Qe4 a5 34. d5 exd5
35. Qf3 Qe7 36. Bf1 Rd6 37. Nf4 Bc6 38. Nxd5 Bxd5 39. Rxd5 Rf6 40. Qd3 Rxf2 41.
Rb5 Rd2+ 0-1

[Event "13th Parsvnath Open"]
[Site "New Delhi IND"]
[Date "2015.01.10"]
[Round "3.42"]
[White "Vignesh, NR"]
[Black "Vikas, R Sharma"]
[Result "1-0"]
[WhiteElo "2340"]
[BlackElo "2077"]
[WhiteFideId "25012215"]
[BlackFideId "25009389"]
[EventDate "2015.01.09"]

1. d4 Nf6 2. c4 g6 3. g3 Bg7 4. Bg2 d5 5. Nf3 O-O 6. cxd5 Nxd5 7. O-O Nc6 8. Nc3
Nb6 9. e3 Re8 10. Re1 e5 11. d5 Na5 12. e4 c6 13. Bg5 f6 14. Be3 Nac4 15. Bxb6
Nxb6 16. Qb3 cxd5 17. exd5 Kh8 18. a4 Bf5 19. a5 Nd7 20. Nb5 Nc5 21. Qa3 Bf8 22.
d6 Nd3 23. Red1 e4 24. Nd2 a6 25. Nxe4 Rxe4 26. Bxe4 Bxe4 27. f3 axb5 28. fxe4
Ne5 29. Qb3 Qd7 30. Rd5 Qg4 31. Qe3 Rd8 32. Rad1 Qe6 33. Qb6 Rd7 34. Qxb5 Nf3+
35. Kh1 Qxe4 36. Qd3 Qxd3 37. R1xd3 Ne5 38. Rb3 Nc4 39. Rbb5 Kg8 40. b4 Kf7 41.
Rbc5 Ke6 42. Rd4 Nxd6 43. b5 f5 44. b6 Ne4 45. Rxd7 Nxc5 46. Rxb7 Kd5 47. Rxh7
Na6 48. Ra7 Nb4 49. Ra8 1-0

[Event "13th Parsvnath Open"]
[Site "New Delhi IND"]
[Date "2015.01.10"]
[Round "3.43"]
[White "Arjun, K."]
[Black "Ortega Ruiz, Jose Miguel"]
[Result "1/2-1/2"]
[BlackTitle "FM"]
[WhiteElo "2081"]
[BlackElo "2339"]
[WhiteFideId "5048842"]
[BlackFideId "2209713"]
[EventDate "2015.01.09"]

1. e4 d5 2. exd5 Qxd5 3. d4 Nf6 4. c4 Qa5+ 5. Nc3 c6 6. Nf3 Bg4 7. Be2 e6 8. h3
Bf5 9. Qb3 Qb4 10. Qxb4 Bxb4 11. Bd2 Nbd7 12. Nh4 O-O-O 13. Nxf5 exf5 14. O-O-O
Rhe8 15. Bd3 g6 16. a3 Bf8 17. Rhe1 Nc5 18. dxc5 Rxd3 19. Rxe8+ Nxe8 20. Be3
Rxd1+ 21. Nxd1 Nc7 22. b4 Bg7 23. Kc2 Kd7 24. Kd3 Ne6 25. f4 h5 26. h4 Bf6 27.
g3 Ke7 28. Bd2 Kd7 29. Bc3 Be7 30. Ne3 Nd8 31. Nc2 f6 32. Ne3 Nf7 33. Bd4 Ke6
34. Nf1 Bd8 35. Nh2 Be7 36. Be3 Nh6 37. Nf3 Ng4 38. Nd4+ Kd7 39. Bg1 Bd8 40. Ke2
Nh6 41. Be3 Nf7 42. Kd3 Be7 43. Nf3 Nd8 44. Nd4 Bf8 45. Kc3 Nf7 46. Kd3 Nh6 47.
Bg1 Be7 48. Be3 Bd8 49. Bg1 Ng4 50. Ke2 Bc7 51. Kf3 Nh6 52. Be3 Nf7 53. Ke2 b6
54. Nb3 Nd8 55. Bd4 Ke7 56. a4 Ne6 57. cxb6 axb6 58. Be3 Kd7 59. a5 bxa5 60.
bxa5 Kc8 61. a6 Kb8 62. Nc5 Nxc5 63. Bxc5 Ba5 64. Bf2 Bb4 65. Bb6 Bc3 66. Kd1
Ka8 67. Ke2 Bb4 68. Kf3 Be1 69. Kg2 Kb8 70. Kf3 Ka8 71. Bf2 1/2-1/2

[Event "13th Parsvnath Open"]
[Site "New Delhi IND"]
[Date "2015.01.10"]
[Round "3.44"]
[White "Gusain, Himal"]
[Black "Dhananjay"]
[Result "1-0"]
[WhiteElo "2322"]
[BlackElo "2071"]
[WhiteFideId "5033861"]
[BlackFideId "5092892"]
[EventDate "2015.01.09"]

1. e4 c5 2. Nf3 e6 3. d4 cxd4 4. Nxd4 a6 5. Nc3 Qc7 6. Bd3 Nf6 7. f4 d6 8. g4
Nc6 9. Nb3 b5 10. g5 Nd7 11. Qe2 Bb7 12. Be3 g6 13. h4 Bg7 14. h5 Rg8 15. Qd2 b4
16. Na4 a5 17. Bb5 Ba6 18. Bxa6 Rxa6 19. O-O-O Nd8 20. Nd4 Nb7 21. Qe2 Bxd4 22.
Rxd4 Rc6 23. f5 Ne5 24. hxg6 hxg6 25. Rh7 Nd8 26. f6 Nc4 27. Rh2 e5 28. Rd1 Ne6
29. Kb1 Qb7 30. Bc1 Na3+ 31. bxa3 bxa3+ 32. Ka1 Qb4 33. Bxa3 Qxa4 34. Bxd6 Nd4
35. Be7 Rc4 36. Qd3 Kd7 37. Qb3 Qxb3 38. axb3 Rc3 39. Ba3 Kc6 40. Kb1 Rb8 41.
Bb2 Rg3 42. Bxd4 exd4 43. Rxd4 Rxg5 44. Rhd2 Re5 45. Rc4+ Kb5 46. Rd7 Rb6 47.
Rxf7 Ree6 48. Re7 Rxe7 49. fxe7 Re6 50. Kc1 Rxe7 51. Kd2 Kb6 52. Ke3 g5 53. Kf3
Re6 54. Kg4 Re5 55. Kf3 Rc5 56. Rxc5 Kxc5 57. c3 Kd6 58. c4 Ke6 59. Kg4 Ke5 60.
c5 1-0

[Event "13th Parsvnath Open"]
[Site "New Delhi IND"]
[Date "2015.01.10"]
[Round "3.45"]
[White "Nath, Rupankar"]
[Black "Harsha, Bharathakoti"]
[Result "1/2-1/2"]
[WhiteElo "2077"]
[BlackElo "2309"]
[WhiteFideId "5006724"]
[BlackFideId "5078776"]
[EventDate "2015.01.09"]

1. d4 d5 2. Nf3 Nf6 3. c4 c6 4. cxd5 cxd5 5. Nc3 Nc6 6. Bf4 Bg4 7. Ne5 Bd7 8. e3
e6 9. Bd3 Be7 10. O-O O-O 11. a3 Rc8 12. Nxc6 Bxc6 13. Rc1 Nd7 14. Nb5 Qb6 15.
Qe2 a6 16. Nc3 Qa5 17. Rc2 Nb6 18. Rfc1 Nc4 19. Nb1 b5 20. b3 Bd7 21. bxc4 bxc4
22. Bxc4 dxc4 23. Rc3 Bb5 24. Qg4 Qd8 25. Nd2 Qd5 26. Bh6 Bf6 27. Ne4 Qd8 28. h4
Kh8 29. Nxf6 Qxf6 30. Bg5 Qf5 31. Qxf5 exf5 32. Be7 Rfe8 33. Bc5 Kg8 34. g3 f6
35. Rb1 Rb8 36. Bd6 Rbd8 37. Bc5 Rb8 1/2-1/2

[Event "13th Parsvnath Open"]
[Site "New Delhi IND"]
[Date "2015.01.10"]
[Round "3.46"]
[White "Navalgund, Niranjan"]
[Black "Godbole, Atharva"]
[Result "1-0"]
[WhiteElo "2309"]
[BlackElo "2065"]
[WhiteFideId "5030854"]
[BlackFideId "5059550"]
[EventDate "2015.01.09"]

1. d4 Nf6 2. c4 e6 3. g3 d5 4. Bg2 Bb4+ 5. Bd2 Be7 6. Nf3 c6 7. O-O O-O 8. Qc2
b6 9. Rd1 Ba6 10. b3 Nbd7 11. Bf4 Nh5 12. Bc1 Nhf6 13. Nc3 dxc4 14. bxc4 Bxc4
15. e4 b5 16. Nd2 Nb6 17. Nxc4 bxc4 18. Bf4 Qc8 19. Na4 Nfd7 20. Nb2 Qa6 21. a4
Nf6 22. a5 Nbd7 23. Nxc4 Rfd8 24. Bf1 Qc8 25. Rac1 c5 26. d5 exd5 27. exd5 Bf8
28. Qa4 Nb8 29. Bg2 Qd7 30. Qb3 Na6 31. Ne5 Qe8 32. Nc6 Rdc8 33. Qb7 Nb4 34. Re1
Qd7 35. Qxd7 Nxd7 36. Bh3 1-0

[Event "13th Parsvnath Open"]
[Site "New Delhi IND"]
[Date "2015.01.10"]
[Round "3.47"]
[White "Aronyak, Ghosh"]
[Black "Shivananda, B.S."]
[Result "0-1"]
[WhiteTitle "CM"]
[BlackTitle "IM"]
[WhiteElo "2065"]
[BlackElo "2305"]
[WhiteFideId "25072846"]
[BlackFideId "5007038"]
[EventDate "2015.01.09"]

1. d4 Nf6 2. Bg5 c5 3. d5 Ne4 4. Bc1 d6 5. f3 Nf6 6. e4 g6 7. c4 Bg7 8. Nc3 O-O
9. Bd3 e6 10. Nge2 exd5 11. cxd5 a6 12. a4 Nbd7 13. Bf4 Qe7 14. O-O Rb8 15. Ng3
Ne5 16. Be2 Re8 17. Rb1 Qc7 18. Qd2 c4 19. b4 cxb3 20. Rxb3 Qa5 21. Be3 h5 22.
Rc1 Nfd7 23. Nb1 Qd8 24. Na3 b6 25. Nc4 Nc5 26. Bxc5 dxc5 27. Nxe5 Bxe5 28. Rxc5
bxc5 0-1

[Event "13th Parsvnath Open"]
[Site "New Delhi IND"]
[Date "2015.01.10"]
[Round "3.48"]
[White "Kathmale, Sameer"]
[Black "Monnisha, GK"]
[Result "1-0"]
[WhiteTitle "IM"]
[BlackTitle "WFM"]
[WhiteElo "2304"]
[BlackElo "2055"]
[WhiteFideId "5024498"]
[BlackFideId "5009936"]
[EventDate "2015.01.09"]

1. e4 e5 2. Nf3 Nc6 3. Bb5 a6 4. Ba4 Nf6 5. O-O b5 6. Bb3 Bc5 7. c3 d6 8. d4 Bb6
9. h3 Bb7 10. Re1 O-O 11. Bg5 h6 12. Bh4 exd4 13. cxd4 g5 14. Bg3 Nh5 15. Nc3
Nxg3 16. fxg3 Qf6 17. Nd5 Bxd4+ 18. Kh1 Qg7 19. Rc1 Bf6 20. Nxf6+ Qxf6 21. Bd5
Na5 22. Bxb7 Nxb7 23. Rxc7 Na5 24. b3 Qd8 25. Rc2 Nb7 26. Qd5 Rb8 27. b4 Qb6 28.
Nxg5 hxg5 29. Qxg5+ Kh7 30. Rf1 f6 31. Qh5+ Kg7 32. Rf4 f5 33. Qg5+ Kf7 34.
Rxf5+ Ke8 35. Qg6+ Kd7 36. Qg7+ 1-0

[Event "13th Parsvnath Open"]
[Site "New Delhi IND"]
[Date "2015.01.10"]
[Round "3.49"]
[White "Jayakumaar, S"]
[Black "Sangma, Rahul"]
[Result "0-1"]
[BlackTitle "IM"]
[WhiteElo "2053"]
[BlackElo "2289"]
[WhiteFideId "5090997"]
[BlackFideId "5013615"]
[EventDate "2015.01.09"]

1. e4 c5 2. Nc3 e6 3. g3 a6 4. Bg2 d6 5. d3 b5 6. Be3 Bb7 7. a3 Nc6 8. f4 Nf6 9.
Nf3 d5 10. exd5 Nxd5 11. Nxd5 Qxd5 12. Qe2 Nd4 13. Bxd4 cxd4 14. Nh4 Qd7 15.
Bxb7 Qxb7 16. Qe4 O-O-O 17. Nf3 Rd5 18. O-O g6 19. Rfc1 Bg7 20. c4 dxc3 21. bxc3
Rc5 22. Qe2 Kd7 23. d4 Rc7 24. a4 Rhc8 25. Qd3 b4 26. c4 a5 27. Nd2 Ke7 28. Rab1
Rd8 29. Nb3 Bxd4+ 30. Nxd4 Rcd7 31. c5 Rxd4 32. Qb5 Qf3 33. c6 Rd2 34. Qf1 Qe3+
35. Kh1 Rf2 36. Qh3 Rdd2 0-1

[Event "13th Parsvnath Open"]
[Site "New Delhi IND"]
[Date "2015.01.10"]
[Round "3.50"]
[White "Harini, S."]
[Black "Arvind, Shastry"]
[Result "1/2-1/2"]
[WhiteElo "2046"]
[BlackElo "2261"]
[WhiteFideId "5024919"]
[BlackFideId "5008778"]
[EventDate "2015.01.09"]

1. e4 c6 2. d4 d5 3. exd5 cxd5 4. c4 Nf6 5. Nc3 Be6 6. Bg5 dxc4 7. Bxf6 exf6 8.
d5 Bf5 9. Bxc4 Bd6 10. Nf3 O-O 11. O-O Nd7 12. Nd4 Bg6 13. Ne6 fxe6 14. dxe6
Bxh2+ 15. Kh1 Kh8 16. Qxd7 Qxd7 17. exd7 Be5 18. Rad1 Rad8 19. Be6 Bf7 20. Bg4
Bxc3 21. bxc3 Bxa2 22. Rd4 f5 23. Bf3 b5 24. Ra1 Bc4 25. Rxa7 g6 26. Bc6 Kg7 27.
Rb7 Rf7 28. f4 Kf6 29. Rb6 Ke7 30. Rd1 Rf6 31. Re1+ Re6 32. Rxe6+ Bxe6 33. Bxb5
Bxd7 34. Rb7 Kd6 35. Bxd7 Rxd7 36. Rxd7+ Kxd7 37. Kg1 Kc6 38. Kf2 Kd5 39. Ke3
Kc4 40. Kd2 h6 41. g3 g5 42. fxg5 hxg5 43. Kc2 f4 44. gxf4 gxf4 45. Kd2 f3 46.
Ke3 Kxc3 47. Kxf3 1/2-1/2

[Event "13th Parsvnath Open"]
[Site "New Delhi IND"]
[Date "2015.01.10"]
[Round "3.51"]
[White "Nyland, Thomas"]
[Black "Andrenko, Irina"]
[Result "1/2-1/2"]
[BlackTitle "WIM"]
[WhiteElo "2013"]
[BlackElo "2228"]
[WhiteFideId "1504428"]
[BlackFideId "14118270"]
[EventDate "2015.01.09"]

1. e4 c5 2. Nf3 e6 3. d4 cxd4 4. Nxd4 Nc6 5. Nxc6 bxc6 6. c4 Nf6 7. Bd3 e5 8.
Nc3 Bc5 9. O-O h6 10. Qe2 O-O 11. Be3 Bd4 12. Qd2 Re8 13. Ne2 c5 14. Nc3 d6 15.
Nd5 Nxd5 16. cxd5 Bxe3 17. Qxe3 Rb8 18. b3 Qg5 19. f4 exf4 20. Qxf4 Qxf4 21.
Rxf4 a5 22. Raf1 f6 23. h4 Re5 24. Rc1 Bd7 25. g3 Rb4 26. Rc4 Rb8 27. Rc3 Rb4
28. Rc4 Rb8 29. Rc3 Ree8 30. Rc4 Rb4 31. Rxb4 axb4 32. Kg2 Re7 33. Rf1 Be8 34.
Kf3 Bg6 35. g4 Re5 36. h5 Be8 37. Ke3 Bd7 38. Be2 Re8 39. Kf4 1/2-1/2

[Event "13th Parsvnath Open"]
[Site "New Delhi IND"]
[Date "2015.01.10"]
[Round "3.52"]
[White "Kiran, Manisha Mohanty"]
[Black "Pradip, Tiwari"]
[Result "0-1"]
[WhiteTitle "WGM"]
[WhiteElo "2206"]
[BlackElo "2030"]
[WhiteFideId "5019575"]
[BlackFideId "5045436"]
[EventDate "2015.01.09"]

1. e4 e5 2. Nf3 Nc6 3. Bb5 a6 4. Ba4 Nf6 5. O-O Be7 6. Re1 b5 7. Bb3 d6 8. a4
Bb7 9. d3 O-O 10. Nbd2 Na5 11. Ba2 c5 12. Nf1 Qc7 13. Bd2 Nc6 14. c3 b4 15. Ne3
g6 16. h3 a5 17. Nh2 Ba6 18. Nd5 Nxd5 19. Bxd5 Bb7 20. Bh6 Rfb8 21. Qf3 Nd8 22.
Ng4 Bxd5 23. Nf6+ Bxf6 24. Qxf6 Ne6 25. exd5 Qd8 26. Qxd8+ Nxd8 27. Bg5 f5 28.
Bxd8 Rxd8 29. cxb4 cxb4 30. Rac1 Rac8 31. f3 Kf7 32. Kf2 Kf6 33. Rc6 Rxc6 34.
dxc6 Rc8 35. Rc1 Rc7 36. d4 Ke6 37. dxe5 Kxe5 38. Ke3 Kd5 39. f4 Rxc6 40. Rd1+
Ke6 41. Kd3 b3 42. Rd2 Kd5 43. Ke3+ Kc4 44. Rd4+ Kc5 45. g3 d5 46. Rd3 Re6+ 47.
Kd2 Kc4 48. Rc3+ Kb4 49. Rd3 Rc6 50. Rd4+ Rc4 51. Ke3 Rxd4 52. Kxd4 Kxa4 53. Kc3
h5 54. h4 d4+ 55. Kc4 d3 56. Kc3 d2 57. Kxd2 Kb4 58. Kd1 a4 59. Ke1 0-1

[Event "13th Parsvnath Open"]
[Site "New Delhi IND"]
[Date "2015.01.10"]
[Round "3.53"]
[White "Surendran, N."]
[Black "Neelash, Saha"]
[Result "1-0"]
[WhiteElo "2197"]
[BlackElo "2010"]
[WhiteFideId "5021243"]
[BlackFideId "5094160"]
[EventDate "2015.01.09"]

1. d4 Nf6 2. Nf3 g6 3. g3 Bg7 4. c4 d6 5. Nc3 O-O 6. Bg2 c6 7. O-O Qa5 8. e4 Bg4
9. h3 Bxf3 10. Bxf3 Nbd7 11. Be3 Qb4 12. Qb3 Qxb3 13. axb3 a6 14. Rfd1 Rfd8 15.
b4 Ne8 16. Be2 Nc7 17. Ra3 d5 18. exd5 cxd5 1-0

[Event "13th Parsvnath Open"]
[Site "New Delhi IND"]
[Date "2015.01.10"]
[Round "3.54"]
[White "Jyothilal, N."]
[Black "Pratyusha, Bodda"]
[Result "0-1"]
[WhiteElo "2009"]
[BlackElo "2192"]
[WhiteFideId "5002605"]
[BlackFideId "5000629"]
[EventDate "2015.01.09"]

1. d4 d5 2. Nf3 Nf6 3. c4 c6 4. Nc3 e6 5. Qd3 dxc4 6. Qxc4 b5 7. Qb3 Bb7 8. g3
Nbd7 9. Bg2 Be7 10. O-O O-O 11. Rd1 Qb6 12. e4 b4 13. Na4 Qa5 14. e5 Nd5 15. Bd2
c5 16. a3 cxd4 17. axb4 Qd8 18. Be1 Qb8 19. Rxd4 Nxe5 20. Nc5 Bc6 21. Na6 Nxf3+
22. Bxf3 Qb6 23. Rdd1 Rfd8 24. b5 Qb7 25. Ba5 Rd7 26. Be2 Nf6 27. Rxd7 Nxd7 28.
Qc2 Bd5 29. Rc1 Bd6 30. Nb4 Be4 31. Qd2 Bxb4 32. Bxb4 Ne5 33. Qe3 Nf3+ 34. Bxf3
Bxf3 35. Rc3 Bd5 36. Qe2 a6 37. b6 Qxb6 38. Bc5 Qa5 39. Rc1 Qa4 40. Ba3 h6 41.
h3 Rd8 42. Qe3 Bb7 43. Qe2 Qb3 44. Kh2 Qd5 45. Rg1 Rc8 46. Bb4 Rc1 47. Be1 Qc6
48. b4 Qd5 49. Qe3 Rb1 50. g4 Rb3 51. Qf4 e5 52. Qf5 g6 53. Qf6 Qd3 54. Qh4 Kg7
55. Rg3 Qe4 56. Rg1 Qf4+ 57. Rg3 g5 58. Qh5 Rxg3 59. fxg3 Qf3 0-1

[Event "13th Parsvnath Open"]
[Site "New Delhi IND"]
[Date "2015.01.10"]
[Round "3.55"]
[White "Shashikant, Kutwal"]
[Black "Kulkarni, Vinayak"]
[Result "1-0"]
[WhiteElo "2189"]
[BlackElo "2000"]
[WhiteFideId "5006520"]
[BlackFideId "5021332"]
[EventDate "2015.01.09"]

1. e4 c5 2. Nf3 Nc6 3. Bb5 e6 4. O-O Nge7 5. c3 a6 6. Ba4 b5 7. Bc2 Bb7 8. Re1
d5 9. e5 d4 10. d3 Nd5 11. cxd4 cxd4 12. Nbd2 Be7 13. Nb3 O-O 14. Re4 Rc8 15.
Nbxd4 Nxd4 16. Rxd4 Qb6 17. Rg4 f5 18. exf6 Nxf6 19. Rg3 Bc5 20. d4 Bxf3 21.
Rxf3 Bxd4 22. Be3 e5 23. Bb3+ Kh8 24. Rc1 Rxc1 25. Qxc1 e4 26. Rf5 Rd8 27. h3
Bxe3 28. fxe3 h6 29. Rc5 Qb8 30. Rc7 Qb6 31. Rc6 Qa5 32. Kh2 Rd3 33. Qc5 Rd8 34.
Qe7 Re8 35. Qf7 Qe1 36. Rxf6 1-0

[Event "13th Parsvnath Open"]
[Site "New Delhi IND"]
[Date "2015.01.10"]
[Round "3.56"]
[White "Shrestha, Sujendra Prasad"]
[Black "Ritviz, Parab"]
[Result "0-1"]
[WhiteTitle "FM"]
[WhiteElo "1927"]
[BlackElo "2187"]
[WhiteFideId "12300519"]
[BlackFideId "5073367"]
[EventDate "2015.01.09"]

1. e4 e5 2. Nc3 Nf6 3. Bc4 Bc5 4. Nf3 Nc6 5. O-O d6 6. h3 O-O 7. d3 h6 8. a4 Be6
9. Qe1 Bxc4 10. dxc4 Nb4 11. Qe2 Nh5 12. Nd1 Ng3 13. Qd2 Nxe4 14. Qe1 Ng3 15.
Qc3 Ne2+ 16. Kh2 Nxc3 17. bxc3 Nxc2 18. Ra2 e4 19. Ng1 Qd7 20. Rxc2 Qxa4 21. Re2 0-1

[Event "13th Parsvnath Open"]
[Site "New Delhi IND"]
[Date "2015.01.10"]
[Round "3.58"]
[White "Santu, Mondal"]
[Black "Kranti, Kumar P."]
[Result "1-0"]
[WhiteElo "2178"]
[BlackElo "1954"]
[WhiteFideId "5025354"]
[BlackFideId "5025028"]
[EventDate "2015.01.09"]

1. d4 Nf6 2. Nc3 d5 3. Bg5 e6 4. e4 dxe4 5. Nxe4 Nbd7 6. Nf3 Be7 7. Nxf6+ Bxf6
8. h4 c5 9. Qd2 Qb6 10. O-O-O Bxd4 11. Nxd4 cxd4 12. Qxd4 f6 13. Be3 Qxd4 14.
Rxd4 a6 15. Be2 Ne5 16. Rhd1 Ke7 17. R4d2 h5 18. f4 Ng4 19. Bc5+ Kf7 20. Rd8
Rxd8 21. Rxd8 f5 22. Bc4 Nf6 23. Rf8+ Kg6 24. Bxe6 Bxe6 25. Rxa8 1-0

[Event "13th Parsvnath Open"]
[Site "New Delhi IND"]
[Date "2015.01.10"]
[Round "3.59"]
[White "Saurabh, Anand"]
[Black "Dodeja, Pawan"]
[Result "0-1"]
[WhiteElo "1892"]
[BlackElo "2172"]
[WhiteFideId "5094496"]
[BlackFideId "5012686"]
[EventDate "2015.01.09"]

1. e4 c5 2. Nc3 a6 3. f4 b5 4. g3 Bb7 5. Bg2 e6 6. d3 b4 7. Nce2 d5 8. Bd2 dxe4
9. dxe4 Nf6 10. Nf3 Bxe4 11. O-O Be7 12. c3 O-O 13. Nc1 Ra7 14. Qe1 Nc6 15. Rf2
Bd5 16. Ne5 Nxe5 17. fxe5 Ng4 18. Rf4 Bxg2 19. Rxg4 Bf3 20. Rf4 Ba8 21. c4 Qc7
22. Qf2 Qc6 23. Kf1 Rd7 24. Nb3 f6 25. exf6 Rxf6 26. Ke2 Rxf4 27. Qxf4 Qg2+ 28.
Qf2 Qe4+ 29. Qe3 Qxc4+ 30. Kf2 Qd5 31. Ke2 c4 32. Nd4 Qxd4 33. Qxe6+ Kh8 34. Rf1
Qxd2# 0-1

[Event "13th Parsvnath Open"]
[Site "New Delhi IND"]
[Date "2015.01.10"]
[Round "3.60"]
[White "Krishna Teja, N"]
[Black "Lama, Himal"]
[Result "1-0"]
[WhiteElo "2158"]
[BlackElo "1937"]
[WhiteFideId "5001498"]
[BlackFideId "12303143"]
[EventDate "2015.01.09"]

1. d4 Nf6 2. c4 e6 3. Nc3 b6 4. e4 Bb4 5. Bd3 Bb7 6. f3 d5 7. Qa4+ Nc6 8. cxd5
exd5 9. Ba6 Qc8 10. Bg5 O-O 11. Bxb7 Qxb7 12. Bxf6 gxf6 13. Ne2 dxe4 14. O-O b5
15. Qc2 Qb6 16. Qxe4 Bxc3 17. bxc3 Rae8 18. Qg4+ Kh8 19. Nf4 Ne7 20. Nh5 Ng6 21.
Qf5 Re5 22. Qxf6+ Qxf6 23. Nxf6 Re3 1-0